| 000 | 00526nam a2200205 a 4500 | ||
|---|---|---|---|
| 005 | 20240110063544.0 | ||
| 008 | 991125s1989 mad 000 0 spa u | ||
| 020 | _a8427708637 | ||
| 035 | _aUPN01000009039 | ||
| 049 | _aCG | ||
| 050 | 4 |
_aRC584 _bQ9.4 |
|
| 100 | 1 | _aQuersin, Claude | |
| 245 | 1 | 0 |
_aCómo educar a un niño alérgico / _cClaude Quersin. |
| 260 |
_aMadrid : _bNarcea, _c1989. |
||
| 300 | _a121 p. | ||
| 440 | 0 | _aPadres | |
| 650 | 4 |
_aALERGIA _91822 |
|
| 650 | 4 |
_aNiños _xSalud e higiene _94876 |
|
| 905 | _aLibro | ||
| 999 |
_c9039 _d9039 |
||